00351nam a2200145Ia 4500008004100000020001400041041000800055082001600063100002100079245004000100250000600140260003600146300001400182650000900196210716s9999 xx 000 0 und d a876924828 aeng a005.73 KRUR aKruse, Robert L. aData structures and program design. a2 aNew DelhibPHI Learning Pvt Ltd axviii,586 aNone